| 000 | 00584cam a22002291 4500 | ||
|---|---|---|---|
| 001 | sa 65006986 | ||
| 003 | DLC | ||
| 005 | 20260227112146.0 | ||
| 008 | 890912s1962 ii 000 0 urdr | ||
| 010 | _asa 65006986 | ||
| 035 | _a(OCoLC)20328140 | ||
| 040 |
_aDLC _cWaU _dDLC |
||
| 042 | _apremarc | ||
| 050 | 0 | 0 |
_aHN40.M6 _bA9 1962 |
| 100 | 1 |
_aĀzād, Abūlkalām, _d1888-1958. |
|
| 245 | 1 | 0 | _aIslāmī masāʼil. |
| 260 |
_aDelhi, _c[1962?] |
||
| 300 |
_a128 p. _c19 cm. |
||
| 500 | _aIn Urdu. | ||
| 500 | _aText partially vocalized. | ||
| 650 | 0 | _aIslam and social problems. | |
| 999 |
_c64975 _d64975 |
||